000 00393nam a2200157Ia 4500
008 220919s9999 xx 000 0 und d
020 _a978-81-8038-918-4
082 _bBAS
100 _aBASU, DURGA DAS
245 0 _aINTRODUCTION TO THE CONSTITUTION OF INDIA
250 _a21ST
260 _bLEXIS NEXIS PUBLISHING, HARAYANA
_c2013
300 _a526
650 _aGeneral
942 _cBK
999 _c152998
_d152998